The second empire

保存先:
書誌詳細
第一著者: Guedalla, Philip
フォーマット: 図書
言語:Undetermined
出版事項: London Hodder and Stoughton 1946
主題:
タグ: タグ追加
タグなし, このレコードへの初めてのタグを付けませんか!
Thư viện lưu trữ: Trung tâm Học liệu Trường Đại học Cần Thơ
LEADER 00537nam a2200217Ia 4500
001 CTU_108784
008 210402s9999 xx 000 0 und d
082 |a 944.07 
082 |b G924 
100 |a Guedalla, Philip 
245 4 |a The second empire 
245 0 |c Philip Guedalla 
260 |a London 
260 |b Hodder and Stoughton 
260 |c 1946 
650 |a History 
650 |x Second empire 
650 |y 1852-1870 
650 |z France 
904 |i Hiếu 
980 |a Trung tâm Học liệu Trường Đại học Cần Thơ